000 00761nam a22002295i 4500
001 53130
003 ES-MaACL
005 20230906162719.0
007 t|
008 950908s1878 sp ||||1| spa d
040 _aCAM
_bspa
_cCAM
100 1 _aSand, Maurice.
_9103063
245 1 0 _aCalirhoe /
_cnovela original de Mauricio Sand; versión castellana de Miguel de Toro y Gómez.
260 _aMadrid :
_b[s.n.],
_c1878 (
_fimprenta de A. Florez y Compañía)
300 _a482 p. ;
_c14 cm.
490 1 _aBiblioteca de "Los Debates"
500 _aMaurice Sand es seudónimo de Maurice Duderant.
700 1 _aToro y Gómez, Miguel de.
_9110692
830 0 _aBiblioteca de "Los Debates"
_9230235
852 _aES-MaACL
_jD-373
999 _c53130
_d53130